[Event "9. Bayer Sommeropen"]
[Site "Leverkusen"]
[Date "2025.08.16"]
[Round "2.44"]
[White "Kunz, Nils"]
[Black "Hoferichter, Michael"]
[Result "1-0"]
[WhiteElo "1624"]
[BlackElo "1683"]
[PlyCount "61"]
[GameId "2217913298170864"]
[EventDate "2025.??.??"]

1. Nf3 Nf6 2. g3 d5 3. Bg2 e6 4. O-O Be7 5. c4 c6 6. d4 Nbd7 7. cxd5 exd5 8. Nc3 O-O 9. Qc2 Rb8 10. Bd2 c5 11. dxc5 Nxc5 12. Nd4 Be6 13. Rfd1 Rc8 14. Rac1 a6 15. Qb1 Qb6 16. b4 Nce4 17. Nxe6 Qxf2+ 18. Kh1 Nxc3 19. Bxc3 fxe6 20. Qd3 Qa7 21. Bh3 Ne4 22. Bxe6+ Kh8 23. Bd4 Qb8 24. Rxc8 Rxc8 25. Bxc8 Qxc8 26. Qb3 Qh3 27. Qf3 Bd6 28. Be5 Qe6 29. Bxd6 Qxd6 30. Qxe4 Qf6 31. Qe8+ 1-0

[Event "9. Bayer Sommeropen"]
[Site "Leverkusen"]
[Date "2025.08.16"]
[Round "2.46"]
[White "Dietrich, Markus"]
[Black "Breuer, Achim"]
[Result "0-1"]
[WhiteElo "1619"]
[BlackElo "1661"]
[PlyCount "113"]
[GameId "2217913298170866"]
[EventDate "2025.??.??"]

1. c4 e6 2. Nc3 d5 3. cxd5 exd5 4. g3 Nf6 5. Bg2 Be7 6. Nf3 c5 7. d4 cxd4 8. Nxd4 Nc6 9. Qa4 Bd7 10. Nxd5 Nxd5 11. Bxd5 Nb4 12. Qb3 Nxd5 13. Qxd5 Bb4+ 14. Bd2 Bxd2+ 15. Kxd2 O-O 16. Rhc1 Qe7 17. a3 Rad8 18. Ke1 Bg4 19. Qc5 Qxc5 20. Rxc5 Rxd4 21. f3 Be6 22. Rac1 g6 23. Rc7 b6 24. Kf2 Rfd8 25. Re7 R4d7 26. Rxd7 Bxd7 27. Rc7 Bb5 28. b3 Re8 29. e4 Ra8 30. f4 Rd8 31. h4 Rd2+ 32. Ke3 Rd3+ 33. Kf2 Rxb3 34. Rxa7 Bc6 35. e5 Rf3+ 36. Ke2 Rxg3 37. Rc7 Bb5+ 38. Kf2 Rxa3 39. Rb7 Ra2+ 40. Kg3 Ra6 41. Kg4 Bc6 42. Rb8+ Kg7 43. h5 Bd7+ 44. Kg5 h6+ 45. Kh4 Ra4 46. hxg6 Rxf4+ 47. Kg3 Rg4+ 48. Kf3 Rxg6 49. Kf4 h5 50. Rb7 Bg4 51. Ra7 h4 52. e6 Bxe6 53. Ra1 Bd5 54. Rb1 Bc6 55. Rc1 h3 56. Rxc6 Rxc6 57. Ke3 0-1

[Event "9. Bayer Sommeropen"]
[Site "Leverkusen"]
[Date "2025.08.16"]
[Round "2.50"]
[White "Krugmann, Alexander"]
[Black "Pohlmann, Marco"]
[Result "1-0"]
[WhiteElo "1490"]
[BlackElo "1627"]
[PlyCount "87"]
[GameId "2217913298170870"]
[EventDate "2025.??.??"]

1. e4 e6 2. d4 d5 3. Nc3 c5 4. Be3 c4 5. Nf3 Bb4 6. Qd2 Nf6 7. e5 Ne4 8. Qc1 Nxc3 9. Bd2 Nxa2 10. Rxa2 Nc6 11. Be2 O-O 12. O-O Bxd2 13. Qxd2 f6 14. Qe3 Qe7 15. c3 b6 16. exf6 Rxf6 17. Re1 Na5 18. Bd1 Bd7 19. Qg5 Rf7 20. Qh5 Rf5 21. Qxf5 Qd6 22. Qe5 Qe7 23. Qxd5 Re8 24. Qg5 Qf7 25. Ne5 Qf5 26. Qxf5 exf5 27. Kf1 Bc8 28. Ba4 Rf8 29. Nc6 Nb7 30. Ne7+ Kf7 31. Nxc8 Rxc8 32. Bb5 a5 33. Ba6 Rc7 34. Bxb7 Rxb7 35. Rd1 Ke6 36. d5+ Kd6 37. Ra4 b5 38. Rxa5 b4 39. Ra6+ Kd7 40. d6 bxc3 41. bxc3 g5 42. Re1 g4 43. Re7+ Kc8 44. Ra8+ 1-0

[Event "9. Bayer Sommeropen"]
[Site "Leverkusen"]
[Date "2025.08.16"]
[Round "2.51"]
[White "Krenzel, Christoph"]
[Black "Schüers, Christian"]
[Result "1-0"]
[WhiteElo "1510"]
[BlackElo "1622"]
[PlyCount "58"]
[GameId "2217913298170871"]
[EventDate "2025.??.??"]

1. d4 d5 2. Nf3 Nf6 3. e3 Bg4 4. Nbd2 e6 5. a3 Be7 6. b3 O-O 7. Bb2 Nbd7 8. Be2 c6 9. O-O Bxf3 10. Nxf3 Ne4 11. Ne5 f5 12. f3 Ng5 13. Bd3 Bf6 14. Qe1 Qc7 15. f4 Nf7 16. Rf3 Nd6 17. Rh3 Ne4 18. Bxe4 dxe4 19. Qe2 Bxe5 20. fxe5 g6 21. Rf1 Rf7 22. a4 Nf8 23. Ba3 Qd7 24. Bd6 Rc8 25. g4 fxg4 26. Qxg4 Rxf1+ 27. Kxf1 Qf7+ 28. Ke2 Qf5 29. Qh4 Re8 1-0

[Event "9. Bayer Sommeropen"]
[Site "Leverkusen"]
[Date "2025.08.16"]
[Round "3.1"]
[White "Korchynskyi, Mykola"]
[Black "Riemland, Arnold"]
[Result "1-0"]
[WhiteElo "2346"]
[BlackElo "2124"]
[PlyCount "107"]
[GameId "2217913298170883"]
[EventDate "2025.??.??"]

1. d4 c5 2. d5 Nf6 3. Nf3 d6 4. Nc3 g6 5. e4 Bg7 6. Be2 O-O 7. O-O Na6 8. h3 Nc7 9. a4 b6 10. Bf4 a6 11. Re1 Nd7 12. Bc4 Ne5 13. Bxe5 Bxe5 14. Nxe5 dxe5 15. Bf1 Qd6 16. Qd2 Bd7 17. Nd1 b5 18. Ne3 f5 19. exf5 gxf5 20. axb5 axb5 21. Rxa8 Rxa8 22. c4 e6 23. cxb5 Nxb5 24. Nc4 Qe7 25. Nxe5 Nd4 26. Nxd7 Qxd7 27. Qg5+ Qg7 28. Qxg7+ Kxg7 29. dxe6 Kf6 30. Bc4 Re8 31. Kf1 h5 32. b3 Ke7 33. Ra1 Nc6 34. f4 h4 35. Ra6 Rc8 36. Bd5 Nd4 37. Ra7+ Kf6 38. Rh7 Kg6 39. Rxh4 Re8 40. g4 Nxe6 41. g5 Kg7 42. Kf2 Nd4 43. Rh6 Ne2 44. Re6 Rd8 45. Re7+ Kh8 46. Kxe2 Rxd5 47. Re5 Rd4 48. Rxf5 Rb4 49. h4 Rb5 50. h5 Kg7 51. h6+ Kg8 52. g6 Rb6 53. h7+ Kg7 54. Rh5 1-0

[Event "9. Bayer Sommeropen"]
[Site "Leverkusen"]
[Date "2025.08.16"]
[Round "3.2"]
[White "Asadzade, Idris"]
[Black "Mänken, Merlin"]
[Result "1/2-1/2"]
[WhiteElo "2234"]
[BlackElo "2177"]
[PlyCount "60"]
[GameId "2217913298170884"]
[EventDate "2025.??.??"]

1. c4 c5 2. Nf3 Nf6 3. d4 cxd4 4. Nxd4 Nc6 5. Nc3 e6 6. a3 d5 7. cxd5 exd5 8. g3 Bc5 9. Be3 Bb6 10. Bg2 O-O 11. O-O Bg4 12. Nxc6 bxc6 13. Bd4 Re8 14. Re1 Rb8 15. b4 a5 16. Rb1 axb4 17. axb4 Bxd4 18. Qxd4 Qb6 19. Qf4 Bh5 20. b5 Bg6 21. Rbc1 cxb5 22. Nxd5 Nxd5 23. Bxd5 b4 24. e4 Kh8 25. Rb1 f6 26. Rb3 Qd4 27. Qe3 Qxe3 28. Rbxe3 Re7 29. Rb1 Bf7 30. Reb3 Bxd5 1/2-1/2

[Event "9. Bayer Sommeropen"]
[Site "Leverkusen"]
[Date "2025.08.16"]
[Round "3.3"]
[White "Rechmann, Peter"]
[Black "Prieb, Robert"]
[Result "1-0"]
[WhiteElo "2174"]
[BlackElo "2246"]
[PlyCount "37"]
[GameId "2217913298170885"]
[EventDate "2025.??.??"]

1. Nf3 d5 2. g3 Nf6 3. Bg2 g6 4. O-O Bg7 5. d4 O-O 6. Bf4 c5 7. c3 b6 8. dxc5 bxc5 9. c4 Bb7 10. Ne5 Qb6 11. Nc3 Rd8 12. cxd5 Qxb2 13. Rb1 Qxc3 14. Rxb7 Nh5 15. Rb3 Qd4 16. Rd3 Qb2 17. d6 exd6 18. Rxd6 Rf8 19. Nd3 1-0

[Event "9. Bayer Sommeropen"]
[Site "Leverkusen"]
[Date "2025.08.16"]
[Round "3.4"]
[White "Panjer, Sidney"]
[Black "Kagan, Dennis"]
[Result "1/2-1/2"]
[WhiteElo "2200"]
[BlackElo "2002"]
[PlyCount "111"]
[GameId "2217913298170886"]
[EventDate "2025.??.??"]

1. Nf3 Nf6 2. c4 e6 3. g3 Be7 4. Bg2 O-O 5. d4 d5 6. O-O dxc4 7. Qc2 a6 8. a4 Bd7 9. Rd1 Bc6 10. Nc3 Bxf3 11. Bxf3 Nc6 12. Bxc6 bxc6 13. a5 Qb8 14. Ra4 c5 15. Rxc4 cxd4 16. Rdxd4 c5 17. Rd3 Rd8 18. Na4 Rxd3 19. Qxd3 Qb5 20. Qc2 Qxa5 21. Nxc5 Qb5 22. Nd3 h6 23. Bd2 Rd8 24. Ra4 Qb7 25. Qc4 Qb5 26. Qc2 Qb7 27. Rc4 Qb5 28. Bb4 Bxb4 29. Rxb4 Qa5 30. Rb7 Ne4 31. Qc7 Qxc7 32. Rxc7 Rb8 33. f3 Nd2 34. Kf2 Rb5 35. b4 Nb3 36. Ke3 a5 37. Rc3 a4 38. Rc8+ Kh7 39. Ra8 e5 40. Rxa4 f6 41. f4 Nd4 42. fxe5 fxe5 43. Ra5 Rb6 44. Ra2 Nc6 45. Ke4 Rb5 46. Ra4 Kg8 47. h4 Kf7 48. h5 Kf8 49. g4 Kf7 50. e3 Ke6 51. Ra6 Kd7 52. Kf5 Ne7+ 53. Ke4 Nc6 54. Ra8 Ke7 55. Rg8 Kf6 56. Rf8+ 1/2-1/2

[Event "9. Bayer Sommeropen"]
[Site "Leverkusen"]
[Date "2025.08.16"]
[Round "3.5"]
[White "Freiknecht, Holger"]
[Black "Ramien, David"]
[Result "0-1"]
[WhiteElo "1879"]
[BlackElo "2243"]
[PlyCount "64"]
[GameId "2217913298170887"]
[EventDate "2025.??.??"]

1. e4 c5 2. Nf3 d6 3. d4 cxd4 4. Nxd4 Nf6 5. Nc3 Nc6 6. Nd5 Nxd5 7. exd5 Qa5+ 8. Bd2 Qxd5 9. Nb5 Qe6+ 10. Be2 Qd7 11. c4 a6 12. Nc3 e6 13. O-O Be7 14. Na4 Qc7 15. Be3 O-O 16. Rc1 Ne5 17. Qd2 Nd7 18. Rfd1 b6 19. Bf4 Ne5 20. Qe3 Ng6 21. Bg3 Rb8 22. c5 bxc5 23. Rxc5 Qd7 24. b3 f5 25. f4 Qa7 26. Rc3 Qxe3+ 27. Rxe3 Rb4 28. Rf3 Bb7 29. Rff1 Rc8 30. Bc4 d5 31. Bd3 Bd6 32. Rfe1 Kf7 0-1

[Event "9. Bayer Sommeropen"]
[Site "Leverkusen"]
[Date "2025.08.16"]
[Round "3.6"]
[White "Schwibbert, Jonas"]
[Black "Metin, Altug"]
[Result "1-0"]
[WhiteElo "2153"]
[BlackElo "1821"]
[PlyCount "89"]
[GameId "2217913298170888"]
[EventDate "2025.??.??"]

1. c4 e5 2. g3 c6 3. Nf3 Qc7 4. Nc3 Nf6 5. d4 e4 6. Ng5 d5 7. Qb3 h6 8. Nh3 dxc4 9. Qxc4 Bd6 10. Nf4 O-O 11. h4 Nbd7 12. Bd2 b5 13. Qb3 Nb6 14. Rc1 Nc4 15. e3 Nxd2 16. Kxd2 Qb6 17. Bh3 a5 18. Na4 Qa7 19. Nc5 Bxh3 20. Nxh3 Rfd8 21. Ke2 Qe7 22. Rhd1 a4 23. Qc2 Rac8 24. Kf1 Re8 25. Kg2 Nd5 26. Qd2 Qc7 27. Ng1 Qe7 28. Ne2 f5 29. Nc3 Bxc5 30. Nxd5 cxd5 31. dxc5 Red8 32. Qd4 Qf6 33. Qxf6 gxf6 34. b3 Kf7 35. bxa4 bxa4 36. Rd4 Ra8 37. c6 Ke6 38. c7 Rdc8 39. Rc6+ Ke5 40. Rc5 Ra7 41. Rcxd5+ Ke6 42. Rd6+ Kf7 43. Rd7+ Ke6 44. f4 Rcxc7 45. R4d6# 1-0

[Event "9. Bayer Sommeropen"]
[Site "Leverkusen"]
[Date "2025.08.16"]
[Round "3.7"]
[White "Germund, Marlon"]
[Black "Arvapalli, Sai Ritvik"]
[Result "1-0"]
[WhiteElo "2076"]
[BlackElo "1770"]
[PlyCount "109"]
[GameId "2217913298170889"]
[EventDate "2025.??.??"]

1. d4 Nf6 2. Nf3 g6 3. g3 Bg7 4. Bg2 O-O 5. O-O d6 6. Re1 Nc6 7. d5 Nb4 8. e4 c6 9. Nc3 e5 10. a3 Na6 11. Bg5 h6 12. Bxf6 Bxf6 13. Nd2 Bg7 14. Nc4 b5 15. Ne3 c5 16. Nxb5 Nc7 17. Nxc7 Qxc7 18. c4 a5 19. b3 f5 20. Nf1 fxe4 21. Bxe4 Qf7 22. Ra2 h5 23. Qd3 Bf5 24. h4 Bh6 25. Ne3 Bxe3 26. Qxe3 Bxe4 27. Qxe4 Qf5 28. Qe3 Qf3 29. Rc2 Kg7 30. Rc3 Qxe3 31. Rexe3 Rab8 32. Rf3 Rf5 33. Kf1 Kf6 34. Ke2 e4 35. Rfe3 Re5 36. Kd1 g5 37. hxg5+ Kxg5 38. Rc2 Kf5 39. Kd2 Re7 40. Rc1 Re5 41. Rh1 Kg5 42. Rh4 Rf8 43. Ke1 Rfe8 44. Rf4 Kg6 45. Kd2 R8e7 46. Kc3 Re8 47. b4 a4 48. b5 R5e7 49. Kd2 Re5 50. Ke2 R5e7 51. Rc3 Re5 52. Ke3 R5e7 53. Rc1 Rf7 54. Rxf7 Kxf7 55. Rh1 1-0

[Event "9. Bayer Sommeropen"]
[Site "Leverkusen"]
[Date "2025.08.16"]
[Round "3.8"]
[White "Koch, Kian"]
[Black "Sheng, Ming"]
[Result "0-1"]
[WhiteElo "1812"]
[BlackElo "2031"]
[PlyCount "50"]
[GameId "2217913298170890"]
[EventDate "2025.??.??"]

1. d4 d5 2. c4 e6 3. Nf3 Nf6 4. g3 Be7 5. Bg2 O-O 6. O-O Nbd7 7. Qc2 c6 8. Nbd2 b6 9. b3 Bb7 10. Bb2 Rc8 11. Rac1 c5 12. cxd5 cxd4 13. Qb1 Rxc1 14. Rxc1 e5 15. Nc4 Qb8 16. d6 Bxd6 17. Nxd6 Bxf3 18. Bxf3 Qxd6 19. Rc6 Qb8 20. Qc2 Re8 21. Bc1 Qd8 22. Rc7 e4 23. Bg2 a5 24. Qc6 Ne5 25. Qxb6 Nd5 0-1

[Event "9. Bayer Sommeropen"]
[Site "Leverkusen"]
[Date "2025.08.16"]
[Round "3.10"]
[White "Sutharjan, Dakxwin"]
[Black "Menzel, Maximilian"]
[Result "0-1"]
[WhiteElo "1904"]
[BlackElo "2196"]
[PlyCount "138"]
[GameId "2217913298170892"]
[EventDate "2025.??.??"]

1. e4 c6 2. d4 d5 3. exd5 cxd5 4. c4 Nf6 5. Nc3 Nc6 6. Nf3 g6 7. cxd5 Nxd5 8. Bc4 Nxc3 9. bxc3 Bg7 10. O-O O-O 11. Bg5 Qc7 12. Qd2 e5 13. d5 Na5 14. Bb3 Nc4 15. Qe2 Nd6 16. Rac1 f6 17. Bd2 a5 18. a3 b6 19. c4 Ba6 20. Be3 Rac8 21. Qa2 a4 22. Bxa4 Bxc4 23. Bb3 b5 24. Rfd1 Qd7 25. Nd2 Be2 26. Re1 Bd3 27. Rc6 Kh8 28. Rec1 Nf5 29. Nf1 Nxe3 30. Nxe3 f5 31. Qd2 e4 32. Qb4 f4 33. Nf1 e3 34. Qc5 e2 35. Nd2 Rxc6 36. dxc6 Qd4 37. Qxd4 Bxd4 38. c7 Rc8 39. Nf3 Bb6 40. Ne1 Be4 41. Be6 Rxc7 42. Rxc7 Bxc7 43. Bg4 Ba5 44. Bxe2 Bxe1 45. Bxb5 f3 46. gxf3 Bxf3 47. Kf1 Ba5 48. a4 Kg7 49. Kg1 g5 50. h3 h5 51. Be8 h4 52. Bd7 Kf6 53. Bb5 Ke5 54. Bd7 Kd4 55. Bb5 Kc5 56. Bd7 Kb4 57. Kh2 Bc7+ 58. Kg1 Bd1 59. Kg2 Bxa4 60. Bf5 Bc6+ 61. f3 Kc5 62. Kf2 Kd4 63. Bg6 Bd7 64. Kg2 Ke3 65. Be4 Kd2 66. Bd5 Bb5 67. Be6 Ke1 68. Bf5 Bf1+ 69. Kg1 Bb6+ 0-1

[Event "9. Bayer Sommeropen"]
[Site "Leverkusen"]
[Date "2025.08.16"]
[Round "3.11"]
[White "Atar, Efecan"]
[Black "Jügel, Marcel"]
[Result "1/2-1/2"]
[WhiteElo "1902"]
[BlackElo "2153"]
[PlyCount "37"]
[GameId "2217913298170893"]
[EventDate "2025.??.??"]

1. c4 b6 2. g3 Bb7 3. Nf3 e6 4. Bg2 f5 5. Nc3 Nf6 6. d4 Bb4 7. O-O Bxc3 8. bxc3 Ne4 9. Qd3 Nc6 10. Nd2 Nxd2 11. Bxd2 Na5 12. d5 O-O 13. c5 Qe7 14. cxb6 axb6 15. c4 exd5 16. cxd5 d6 17. Rfe1 Ba6 18. Qd4 Nc4 19. Rac1 1/2-1/2

[Event "9. Bayer Sommeropen"]
[Site "Leverkusen"]
[Date "2025.08.16"]
[Round "3.12"]
[White "Ye, Philipp"]
[Black "Kiese, Matthias"]
[Result "1/2-1/2"]
[WhiteElo "1888"]
[BlackElo "2065"]
[PlyCount "67"]
[GameId "2217913298170894"]
[EventDate "2025.??.??"]

1. d4 d5 2. Bf4 Nf6 3. e3 e6 4. Nf3 Bd6 5. Ne5 O-O 6. Nd2 c5 7. c3 Qc7 8. Bd3 Nbd7 9. Ndf3 b6 10. O-O Bb7 11. Rc1 Rac8 12. Bb1 Ne4 13. Nxd7 Qxd7 14. Ne5 Qc7 15. f3 f6 16. Nd3 e5 17. fxe4 exf4 18. Nxf4 Bxf4 19. Rxf4 cxd4 20. Qxd4 dxe4 21. Bxe4 Rfd8 22. Qb4 Qe5 23. Re1 Bxe4 24. Rxe4 Qf5 25. Re7 Rd7 26. Rxd7 Qxd7 27. Qd4 Qe6 28. a3 h6 29. e4 Re8 30. Kf2 Qg4 31. Kg1 Re5 32. Qc4+ Kh7 33. Qe2 Qe6 34. Qf2 1/2-1/2

[Event "9. Bayer Sommeropen"]
[Site "Leverkusen"]
[Date "2025.08.16"]
[Round "3.13"]
[White "Berndt, Michael"]
[Black "Neumair, Jerome"]
[Result "0-1"]
[WhiteElo "1849"]
[BlackElo "2077"]
[PlyCount "124"]
[GameId "2217913298170895"]
[EventDate "2025.??.??"]

1. e4 e6 2. d4 d5 3. exd5 exd5 4. Bd3 Nc6 5. c3 Bd6 6. Nf3 Bg4 7. Be3 Nge7 8. h3 Bh5 9. b4 f6 10. Nbd2 Bg6 11. Nb3 Nf5 12. Qc2 Nce7 13. Bd2 O-O 14. O-O b6 15. Rae1 Qd7 16. Re2 Rae8 17. Rfe1 c6 18. Kf1 Bb8 19. c4 Nd6 20. Bxg6 Nxg6 21. Rxe8 Rxe8 22. Rxe8+ Qxe8 23. cxd5 cxd5 24. h4 Nc4 25. Qf5 Qc6 26. Be1 Nf4 27. g3 g6 28. Qb1 Nh5 29. Kg2 Qe6 30. Qd3 Qg4 31. Kh2 Nd6 32. Ng1 Ne4 33. Qf3 Qxh4+ 34. Kg2 Qg5 35. Nh3 Qh6 36. Nd2 f5 37. Nf1 Nhf6 38. Ne3 Qxh3+ 39. Kxh3 Ng5+ 40. Kg2 Nxf3 41. Kxf3 Kf7 42. b5 Bd6 43. a4 Ke6 44. g4 fxg4+ 45. Nxg4 Ne4 46. Ne3 Be7 47. Ng4 Bd6 48. Ne3 h5 49. Nc2 g5 50. Bb4 g4+ 51. Kg2 h4 52. Bxd6 h3+ 53. Kh2 Kxd6 54. f3 gxf3 55. Kxh3 Nc3 56. Kg3 Nxa4 57. Kxf3 Nc3 58. Na3 Ke6 59. Ke3 Kf5 60. Kd3 Ne4 61. Nc2 Nd6 62. Nb4 Ke6 0-1

[Event "9. Bayer Sommeropen"]
[Site "Leverkusen"]
[Date "2025.08.16"]
[Round "3.14"]
[White "Rausch, Linus"]
[Black "Eßer, Julian"]
[Result "0-1"]
[WhiteElo "1760"]
[BlackElo "1939"]
[PlyCount "32"]
[GameId "2217913298170896"]
[EventDate "2025.??.??"]

1. e4 e6 2. d4 d5 3. e5 c5 4. c3 Nd7 5. Nf3 Ne7 6. a3 c4 7. Nbd2 Nc6 8. h4 f6 9. Qe2 Be7 10. g3 fxe5 11. Nxe5 Ncxe5 12. dxe5 Nc5 13. Qe3 Bd7 14. Be2 Qb6 15. Rb1 Ba4 16. O-O Bc2 0-1

[Event "9. Bayer Sommeropen"]
[Site "Leverkusen"]
[Date "2025.08.16"]
[Round "3.15"]
[White "Erkelenz, Fynn"]
[Black "Blomer, Moritz"]
[Result "1/2-1/2"]
[WhiteElo "1716"]
[BlackElo "1965"]
[PlyCount "51"]
[GameId "2217913298170897"]
[EventDate "2025.??.??"]

1. d4 Nf6 2. Bf4 d5 3. e3 c5 4. c3 cxd4 5. exd4 Nc6 6. Nf3 Bg4 7. Nbd2 e6 8. Qb3 Qc8 9. Bb5 Bxf3 10. Nxf3 a6 11. Bxc6+ Qxc6 12. Ne5 Qb5 13. Qxb5+ axb5 14. Nd3 Nh5 15. Bc7 Kd7 16. Bb6 Kc6 17. Bc5 Bxc5 18. Nxc5 g5 19. Nd3 f6 20. Kd2 Nf4 21. Nxf4 gxf4 22. g3 Rhg8 23. Rhg1 Rg6 24. gxf4 Rxg1 25. Rxg1 Rxa2 26. Kc2 1/2-1/2

[Event "9. Bayer Sommeropen"]
[Site "Leverkusen"]
[Date "2025.08.16"]
[Round "3.17"]
[White "Kühn, Viktoria"]
[Black "Langensiepen, Burkhard"]
[Result "1-0"]
[WhiteElo "1931"]
[BlackElo "1627"]
[PlyCount "111"]
[GameId "2217913298170899"]
[EventDate "2025.??.??"]

1. e4 c5 2. b3 Nc6 3. Bb2 e5 4. Bc4 Nf6 5. d3 a6 6. a4 d5 7. exd5 Nxd5 8. Nf3 Bg4 9. h3 Bxf3 10. Qxf3 Nf6 11. O-O Be7 12. Nd2 O-O 13. Ne4 Nd4 14. Bxd4 exd4 15. Nxf6+ Bxf6 16. Qxb7 Qc8 17. Qd5 Qc7 18. Rae1 a5 19. Bb5 Rad8 20. Qf5 Rd6 21. Re4 Qc8 22. Qxc8 Rxc8 23. Rfe1 Rf8 24. g3 h5 25. Kg2 g6 26. Bc4 Kg7 27. g4 hxg4 28. hxg4 g5 29. Rh1 Rdd8 30. f4 Rde8 31. fxg5 Bxg5 32. Rf1 f6 33. Rf5 Rxe4 34. dxe4 Re8 35. Rxc5 Rxe4 36. Rc7+ Kf8 37. Bd3 Re7 38. Rc5 Bd2 39. Rd5 Bc3 40. Kf3 Kg7 41. Be4 Kf7 42. Kf4 Ke6 43. Rd8 Bd2+ 44. Kf3 Bc3 45. Bg6 Rg7 46. Bf5+ Ke7 47. Rd5 Kf8 48. Ke4 Re7+ 49. Kd3 Rc7 50. Rd6 Kg7 51. Rd8 Re7 52. Kc4 Kf7 53. Rh8 Kg7 54. Rc8 Kf7 55. Kb5 Re8 56. Bg6+ 1-0

[Event "9. Bayer Sommeropen"]
[Site "Leverkusen"]
[Date "2025.08.16"]
[Round "3.18"]
[White "Heider, Reimar"]
[Black "Scharff, Klaus"]
[Result "0-1"]
[WhiteElo "1634"]
[BlackElo "1928"]
[PlyCount "65"]
[GameId "2217913298170900"]
[EventDate "2025.??.??"]

1. e4 e6 2. d4 d5 3. exd5 exd5 4. Nf3 Nf6 5. Be2 Be7 6. O-O O-O 7. Be3 Re8 8. Nbd2 Bg4 9. Re1 Nbd7 10. Ne5 Bxe2 11. Rxe2 Nf8 12. Ndf3 Ne4 13. c3 f6 14. Nd3 b6 15. Qb3 c6 16. Rae1 g5 17. Nd2 Kh8 18. f3 Nd6 19. f4 h6 20. Nf2 Qd7 21. g4 Ng6 22. f5 Nh4 23. Nh1 Ne4 24. Rf1 Bd6 25. Nxe4 Rxe4 26. h3 Rae8 27. Kf2 Bf4 28. Rfe1 Qe7 29. c4 dxc4 30. Qc3 Qd6 31. Qd2 Bxe3+ 32. Rxe3 Qh2+ 33. Kf1 0-1

[Event "9. Bayer Sommeropen"]
[Site "Leverkusen"]
[Date "2025.08.16"]
[Round "3.20"]
[White "Weidert, Florian"]
[Black "Kunz, Nils"]
[Result "1-0"]
[WhiteElo "1920"]
[BlackElo "1624"]
[PlyCount "83"]
[GameId "2217913298170902"]
[EventDate "2025.??.??"]

1. e4 e6 2. Nf3 d5 3. e5 c5 4. b4 Bd7 5. bxc5 Bxc5 6. d4 Be7 7. Bd3 Nc6 8. c3 Rc8 9. h4 Qc7 10. Bd2 f6 11. Qe2 Na5 12. h5 Nc4 13. Bc1 Qa5 14. Nfd2 Na3 15. Rh3 f5 16. Nb3 Qa4 17. Bxa3 Bxa3 18. Nxa3 Qxa3 19. Bb5 Bxb5 20. Qxb5+ Kf7 21. Qd7+ Ne7 22. Nc5 Rxc5 23. dxc5 Qxc5 24. Qxb7 d4 25. cxd4 Qxd4 26. Rd1 Qxe5+ 27. Re3 Qa5+ 28. Rd2 Rd8 29. Qb2 Qxd2+ 30. Qxd2 Rxd2 31. Kxd2 Nd5 32. Ra3 Nf4 33. Rxa7+ Kf6 34. h6 gxh6 35. g3 Nh3 36. Ke3 e5 37. a4 h5 38. Rxh7 f4+ 39. Ke2 f3+ 40. Ke3 e4 41. Rxh5 Ng5 42. Rxg5 1-0

[Event "9. Bayer Sommeropen"]
[Site "Leverkusen"]
[Date "2025.08.16"]
[Round "3.23"]
[White "Engel, Bruno"]
[Black "Depping, Thomas"]
[Result "1-0"]
[WhiteElo "2192"]
[BlackElo "1796"]
[PlyCount "31"]
[GameId "2217913298170905"]
[EventDate "2025.??.??"]

1. d4 Nf6 2. Bg5 c6 3. Bxf6 exf6 4. c4 d5 5. cxd5 Qxd5 6. Nc3 Bb4 7. e3 Qa5 8. Nge2 Bg4 9. f3 Bh5 10. a3 Bd6 11. Kf2 O-O 12. Ne4 Bc7 13. N2c3 Re8 14. g4 Bg6 15. b4 Qb6 16. Na4 1-0

[Event "9. Bayer Sommeropen"]
[Site "Leverkusen"]
[Date "2025.08.16"]
[Round "3.24"]
[White "Baßenhoff, Aljoscha"]
[Black "Grünhagen, Marc"]
[Result "0-1"]
[WhiteElo "1737"]
[BlackElo "2032"]
[PlyCount "48"]
[GameId "2217913298170906"]
[EventDate "2025.??.??"]

1. d4 d5 2. Nc3 Nf6 3. Bf4 c6 4. f3 g6 5. Qd2 Bg7 6. O-O-O Nbd7 7. g4 Nb6 8. e3 Be6 9. Bd3 a5 10. Nge2 Nc4 11. Bxc4 dxc4 12. Ng3 Nd5 13. Nce2 b5 14. e4 Nxf4 15. Qxf4 b4 16. c3 a4 17. Qe3 a3 18. cxb4 axb2+ 19. Kb1 Qb6 20. a3 O-O 21. h4 Ra7 22. Kxb2 c5 23. Qc3 Ra4 24. b5 Rfa8 0-1

[Event "9. Bayer Sommeropen"]
[Site "Leverkusen"]
[Date "2025.08.16"]
[Round "3.25"]
[White "Teng, David"]
[Black "Böhm, Stefan"]
[Result "0-1"]
[WhiteElo "1737"]
[BlackElo "1962"]
[PlyCount "88"]
[GameId "2217913298170907"]
[EventDate "2025.??.??"]

1. e4 c5 2. Nf3 e6 3. d4 cxd4 4. Nxd4 Nf6 5. Nc3 Nc6 6. Be2 Bb4 7. Nxc6 bxc6 8. Qd3 d5 9. O-O O-O 10. exd5 cxd5 11. Qd4 a5 12. a3 Be7 13. Bf4 Ba6 14. Bb5 Nh5 15. Bd2 Bxb5 16. Nxb5 Rc8 17. Rac1 Rc4 18. Qd3 Nf4 19. Bxf4 Rxf4 20. g3 Rc4 21. b3 Rc5 22. a4 Qb6 23. Rfe1 Rfc8 24. Re2 Bg5 25. Rd1 Bf6 26. h4 h5 27. Rdd2 Rc3 28. Nxc3 Rxc3 29. Qb5 Rxg3+ 30. Kh2 Qxb5 31. axb5 Rg4 32. f3 Rxh4+ 33. Kg2 Rb4 34. c4 dxc4 35. bxc4 Rxc4 36. Ra2 a4 37. Rec2 Rb4 38. Rc5 g6 39. Rc8+ Kg7 40. Rb8 Bb2 41. b6 a3 42. Rb7 Kf6 43. Kg3 Be5+ 44. Kh3 Rb2 0-1

[Event "9. Bayer Sommeropen"]
[Site "Leverkusen"]
[Date "2025.08.16"]
[Round "3.26"]
[White "Feldhammer, Oskar"]
[Black "Gail, Edgar"]
[Result "1-0"]
[WhiteElo "1710"]
[BlackElo "1764"]
[PlyCount "43"]
[GameId "2217913298170908"]
[EventDate "2025.??.??"]

1. d4 d5 2. Nf3 e6 3. e3 c5 4. b3 Nc6 5. Bb2 Nf6 6. Nbd2 Be7 7. Bd3 O-O 8. O-O b6 9. Ne5 Bb7 10. f4 Rc8 11. Rf3 Nb4 12. Rg3 cxd4 13. Bxd4 Nxd3 14. cxd3 Bc5 15. Bb2 d4 16. e4 Bb4 17. Rc1 Bc3 18. Ba3 Re8 19. Ndc4 Rxc4 20. bxc4 Nd7 21. Rxg7+ Kxg7 22. Qg4+ 1-0

[Event "9. Bayer Sommeropen"]
[Site "Leverkusen"]
[Date "2025.08.16"]
[Round "3.27"]
[White "Lambertz, Michael"]
[Black "Roder, Stephan"]
[Result "1-0"]
[WhiteElo "1951"]
[BlackElo "1717"]
[PlyCount "23"]
[GameId "2217913298170909"]
[EventDate "2025.??.??"]

1. e4 c5 2. c3 d6 3. d4 Nc6 4. Bc4 Qd7 5. Nf3 a6 6. a4 Qg4 7. O-O Qxe4 8. Bxf7+ Kd8 9. dxc5 Bg4 10. Nbd2 Qf5 11. Qb3 Bxf3 12. Nxf3 1-0

[Event "9. Bayer Sommeropen"]
[Site "Leverkusen"]
[Date "2025.08.16"]
[Round "3.28"]
[White "Asadzade, Muhammed"]
[Black "Yildiran, Sinan"]
[Result "0-1"]
[WhiteElo "1895"]
[BlackElo "1684"]
[PlyCount "49"]
[GameId "2217913298170910"]
[EventDate "2025.??.??"]

1. d4 d5 2. c4 e6 3. Nf3 Nf6 4. g3 a6 5. Bg2 dxc4 6. O-O Nc6 7. e3 Rb8 8. Nbd2 b5 9. a4 Nb4 10. axb5 axb5 11. Ne5 Bb7 12. Ndf3 Bd6 13. Bd2 Nc6 14. b3 Nxe5 15. Nxe5 Bxg2 16. Nxf7 Kxf7 17. Kxg2 Rf8 18. bxc4 bxc4 19. Qa4 Ne4 20. Ba5 Kg8 21. Qc2 Nf6 22. Qxc4 Qd7 23. Rac1 Rb2 24. Qc3 Rfb8 25. Bxc7 0-1

[Event "9. Bayer Sommeropen"]
[Site "Leverkusen"]
[Date "2025.08.16"]
[Round "3.29"]
[White "Breuer, Achim"]
[Black "Tonev, Vasil"]
[Result "0-1"]
[WhiteElo "1661"]
[BlackElo "1843"]
[PlyCount "36"]
[GameId "2217913298170911"]
[EventDate "2025.??.??"]

1. d4 d5 2. c4 e6 3. Nc3 Nf6 4. c5 b6 5. b4 a5 6. Bf4 axb4 7. Nb5 Na6 8. cxb6 cxb6 9. Rc1 Ne4 10. Nc7+ Nxc7 11. Rxc7 Bd7 12. Qb3 g5 13. Be5 f6 14. Qh3 h5 15. Rxd7 Qxd7 16. Nf3 Rxa2 17. e3 Ra1+ 18. Ke2 Qb5# 0-1